000 00658nam a2200193 a 4500
001 000244255
003 AM-YeHGA
005 20250618071630.0
008 030708s1924 it |||||||||||||||||arm|d
040 _aAM-YeHGA
041 1 _aarm
245 1 0 _aՈդիսական /
_cՀոմերոս; Բնագրէն թարգմ.՝ Հ.Ա.Ղ. Ղազիկեան Մխիթարեանց.
260 _aՎենետիկ :
_bՍ. Ղազար,
_c1924.
300 _a703 էջ ;
_b1 թ. դիմանկ. ;
_c15 սմ.
500 _aՏիտղթ. վրա՝ Հոմերի ոդիսական
650 1 4 _aՀին հունական գրականություն
_98516
942 _2udc
_cBK
090 _c88142
999 _c86858
_d86858